000 00840nam a22002297a 4500
003 UA-OsUOA
001 117855
007 ta
008 20160621b un ||||| |||| 00| 0 ukr d
090 _a004:338.436
_bІ-99
942 _cBK
040 _aUA-OsUOA
_bukr
_cUA-OsUOA
_dUA-OsUOA
245 _aІнформаційні системи і технології обліку в агропромислових формуваннях
_bнавчальний посібник
_cМ. М. Коцупатрий, М. С. Царьов, Н. С. Золотарьова, Л. А. Суліменко
300 _a327 с.
955 _a2
041 _aukr
080 _a004:338.436
020 _a978-966-483-549-4
260 _aК.
_bКНЕУ
_c2012
650 7 _a00 Загальні питання науки і культури
_2UDC
999 _c403901
_d403901